| 000 | 01812nam a2200529 i 4500 | ||
|---|---|---|---|
| 001 | 45776 | ||
| 003 | KOSZ 005 | ||
| 005 | 20230110084138.0 | ||
| 008 | 040924s2004 pl a |000 0 pol | ||
| 015 | _aUWD 2004/20365 | ||
| 020 | _a8389446138 | ||
| 035 | _a991024864499705066 | ||
| 035 | _a(PL-WaBN)b1678733x-48omnis_nlop | ||
| 035 | _ab1678733x | ||
| 035 | _a(OCoLC)749297833 | ||
| 035 | _azz2004851540 | ||
| 035 | _a(PL)b0000001678733 | ||
| 035 | _a(EXLNZ-48OMNIS_NETWORK)9910272567905606 | ||
| 040 |
_aWA N _cWA N _dKOSZ 005/HR |
||
| 046 | _k2004 | ||
| 080 | _a005.6 | ||
| 080 | _a658.56 | ||
| 080 | _a658.11 | ||
| 080 | _a006.3/.8 | ||
| 080 | _a(083.1) | ||
| 100 | 1 |
_aGrudowski, Piotr _eAutor |
|
| 245 | 1 | 0 |
_aSystem zarządzania jakością wg normy ISO 9001 w małej firmie : _bdokumentacja, wdrażanie, audit / _cPiotr Grudowski. |
| 260 |
_aBydgoszcz : _b"AJG" : _bOPO [Ośrodek Postępu Organizacyjnego], _c2004. |
||
| 300 |
_a171 s. : _brys., tab., wykr. ; _c24 cm. |
||
| 336 |
_aTekst _btxt _2rdacontent |
||
| 337 |
_aBez urządzenia pośredniczącego _bn _2rdamedia |
||
| 338 |
_aWolumin _bnc _2rdacarrier |
||
| 380 | _aKsiążki | ||
| 388 | _a1901-2000 | ||
| 388 | _a1989-2000 | ||
| 490 | 1 |
_aBiblioteka Menedżera i Służby Pracowniczej (1996) ; _vz. 252 |
|
| 504 | _aBibliogr. s. 171. | ||
| 650 | 7 |
_aNormy ISO 9001 _2DBN |
|
| 650 | 7 |
_aPrzedsiębiorstwa małe i średnie (MŚP) _2DBN |
|
| 650 | 7 |
_aZarządzanie jakością _2DBN |
|
| 655 | 7 |
_aPoradnik _2DBN |
|
| 658 | _aZarządzanie i marketing | ||
| 830 | 0 |
_aBiblioteka Menedżera i Służby Pracowniczej (1996) _vz. 252 |
|
| 856 |
_uhttp://koha.tu.koszalin.pl/cgi-bin/koha/opac-detail.pl?biblionumber=45776 _yKatalog online BPK |
||
| 942 |
_2UKD _cKS |
||
| 999 |
_c45776 _d45776 |
||